00442nam a2200145 i 4500001001100000003000500011005001700016008004100033040002500074245007300099264005500172336002100227337002500248338002300273C2-0242035PPAK20180729000205.0020829s2002 my |||| ||||| | may d aPPAKbengcPPAKerda00aPelajaran asas tajwid dan membaca Al Quran (Kaedah Rasm Uthmani) (3) 1aPetaling Jaya, Selangor : bKD Production , c2002 2rdacontentatext 2rdamediaaunmediated 2rdacarrieravolume